| 000 | 00652cab a2200229 4500 | ||
|---|---|---|---|
| 001 | ABS49054 | ||
| 008 | 090401t1993 xxu||||| |||| 00| 0 eng d | ||
| 035 | _a(Sirsi) u69675 | ||
| 041 | _aeng | ||
| 100 | _aHouston, K. | ||
| 245 | _aConstructive criticism | ||
| 260 | _c1993 | ||
| 350 | _a0 | ||
| 490 |
_aAccountants Magazine _v97(1043) June 1993, 52-56(3) |
||
| 520 | _aReports on the rise of the property audit, which reflects changes in the property market. | ||
| 650 | _aPROPERTY ASSETS | ||
| 650 | _aPROPERTY AUDITS | ||
| 650 |
_aProperty management _96262 |
||
| 690 | _aPROPERTY LAW AND PRACTICE | ||
| 942 | _n0 | ||
| 948 | _c04/03/1997 | ||
| 999 |
_c43781 _d43781 |
||